| 000 | 00710nam a22002297a 4500 | ||
|---|---|---|---|
| 003 | DO-SdBNP | ||
| 005 | 20171205134300.0 | ||
| 008 | 171115b 1988|| |||| 00| 0 spa d | ||
| 020 | _a9789688801529 | ||
| 040 |
_aBPMSU _bspa _cBPMSU |
||
| 082 |
_axxxxx _bxxxxx |
||
| 100 | 1 | _aLevin, Richard I. | |
| 245 | 1 | 0 |
_aEstadística para administradores _cRichard I. Levin ; traducción Efrén Alatorre Miguel |
| 250 | _a2a ed. | ||
| 260 |
_aMéxico : _bPrentice-Hall, _c1988. |
||
| 300 |
_axv, 940 p. : _bdiagr. ; _c24 cm. |
||
| 504 | _aBibliografía : p. 934-936 | ||
| 700 | 1 |
_aAlatorre Miguel, Efrén, _etr. |
|
| 942 |
_2ddc _cBK |
||
| 945 | _aInventariado extranjero 2017 VM | ||
| 956 |
_aBTAVAREZ _b10 _c20171115 _d0038 |
||
| 999 |
_c12898 _d12898 |
||